Liberty equality and social justice: (Record no. 25633)

000 -LEADER
fixed length control field 00417nam a22001571a 4500
020 ## - INTERNATIONAL STANDARD BOOK NUMBER
ISBN 9788120220910
082 ## - DEWEY DECIMAL CLASSIFICATION NUMBER
Classification number 320.011
Item number SUS/L
100 ## - MAIN ENTRY--AUTHOR NAME
Personal name Susheela R
245 ## - TITLE STATEMENT
Title Liberty equality and social justice:
Sub Title Rawls' political theory/
Statement of responsibility, etc by Susheela R
260 ## - PUBLICATION, DISTRIBUTION, ETC. (IMPRINT)
Place of publication Delhi:
Name of publisher Ajanta,
Year of publication 1990.
300 ## - PHYSICAL DESCRIPTION
Number of Pages 252p.
650 ## - SUBJECT ADDED ENTRY--TOPICAL TERM
Topical Term Political Theory
650 ## - SUBJECT ADDED ENTRY--TOPICAL TERM
Topical Term Political Science
650 ## - SUBJECT ADDED ENTRY--TOPICAL TERM
Topical Term Social Sciences
942 ## - ADDED ENTRY ELEMENTS (KOHA)
Koha item type Book
Holdings
Withdrawn status Lost status Damaged status Not for loan Permanent Location Current Location Date acquired Cost, normal purchase price Full call number Accession Number Cost, replacement price Price effective from Koha item type
        Sree Sankaracharya University of Sanskrit Sree Sankaracharya University of Sanskrit 08.01.2015 145.00 320.011 SUS/L 015468 0.00 08.01.2015 Book